100 Sopranos Characters - Statistics

General Stats
  • This quiz has been taken 295 times
  • The average score is 47 of 100
Answer Stats
Hint Answer % Correct
Tony's wife Carmela Soprano
100%
Tony's daughter Meadow Soprano
98%
Main character, boss of the DiMeo family Tony Soprano
98%
Tony's uncle, later develops dimensia, commonly dines south of the border Corrado "Junior" Soprano
95%
Tony's nephew, drug addict, must stay loyle to his capo Christopher Moltisanti
93%
Tony's son A.J. Soprano
92%
Helps take care of Tony's uncle, member of mafia, later marries Tony's sister Bobby Baccala
89%
Tony's manipulative older sister Janice Soprano
89%
Tony's therapist Jennifer Melfi
89%
Long time girlfriend of previous character turned FBI informant Adriana La Cerva
87%
Tony's bitch of a mother Livia Soprano
85%
Obnoxious mob guy, been in the crew since Tony's father was there, some wings as hair Paulie Gualtieri
85%
Consigliere for the DiMeo family Silvio Dante
84%
Tony's cousin, the animal, "boy are you fat" Tony Blundetto
82%
Acting boss of the DiMeo family at the beginning of season 1, close friend of Tony's, passes away due to cancer Jackie Aprille
81%
Tony's best friend at the beginning of the show turned FBI informant Salvatore "Big Pussy" Bonpensiero
81%
Released from prison in season 2, goes on to date Tony's older sister, older brother of a former acting boss, cripples a pizza shop owner Richie Aprille
80%
Parade float, fanook, could get a note from his doctor, possibly has aids as indicated by his sudden weight loss Vito Spatafore
76%
Son of previous two answers, low IQ, almost drowned in 3 inches of water Jackie Aprille Jr
72%
Tony's father Johnny Boy Soprano
71%
Originally the underboss of the New York family that is closely associated with Tony's family, close friends with Tony, his wife may have had a 90 pound mole removed from her ass John Sacrimoni
70%
The shah of Iran, spent 20 years in the can, ate grilled cheese of the radiator Phil Leotardo
69%
An absolute prick who becomes one of Tony's capos, introduced in season 3, commonly references gladiator, made a joke that caused major tension between Tony's crew and New York Ralph Cifaretto
69%
Original boss of the New York family when the show starts, has a stroke while eating lunch at a golf course with Tony and other associates Carmine Lupertazzi
68%
Made guy that comes over from Italy, falls in love with Tony's wife, "you got a bee on you hat" Furio Giunta
67%
Wife of character above, takes over the body shop Angie Bonpensiero
65%
Close friend of Tony's wife, widow of character above Rosalie Aprille
65%
Made guy, pisses in Tony's pool after going to his house with a gun because he believes Tony killed his twin brother Patsy Parisi
62%
Tony's younger sister Barbara Soprano
61%
Previous character's deceased wife Karen Baccala
61%
Low IQ son of the previous character, very allegorical, originator of "whatever happened there", some of the best quotes in the show Little Carmine
61%
Close associate of Tony's uncle, gets attacked by main character with a staple gun, "Hi Jack, Bye Jack" Mikey Palmice
59%
Wife of the character above, caught pigging out on snacks in the basement while supposed to be on a diet Ginny Sacrimoni
58%
Son of the previous couple Little Bobby
56%
Tony's daughter's later boyfriend who catches the parade float going down on a security guard, studies to become a dentist Finn DeTrolio
55%
Friend of Tony's nephew, gets capped in the bathtub by character above Brendan Filone
54%
Kid brother of the character above who tragically died at the adolescent age of 47 Billy Leotardo
51%
Tony's goomah that he meets in his therapist's office, works at a car dealership, throws a steak at Tony, eventually offs herself Gloria Trillo
51%
Paulie's nephew, gets his ass beat by previous character at the construction site in front of Tony's daughter's boyfriend Little Paulie Germani
51%
Looks like a Puerto-Rican whoo-uh Little Vito Spatafore
51%
Tony's first goomah in the show, Russian, later calls Tony's wife and causes them to split for a while Irina Peltsin
49%
Tony's beloved horse who passes due to a fire in the stables, Tony wacks one of his associates for this as he believes he started the fire Pie-O-My
49%
Father of Tony's wife Hugh DeAngelis
47%
O.G. of the DiMeo family, had his card game robbed by Tony when Tony was young, released from prison in season 5 Feech La Manna
46%
The hoo-uh that got in an argument with her mob boyfriend outside the Bada Bing and was found with her face caved in after she "fell" Tracee the hoo-uh
46%
Wife of consigliere, friends with Tony's wife Gabriella Dante
44%
Tony's daughter's African American and Jewish boyfriend in season 2, almost punched Tony's lights out, absolute pussy Noah Tannenbaum
44%
FBI agent who lets Tony know that New York is plotting against him and his crew, originally assigned to take down Tony but gets moved to terrorism, often visits Satriales Agent Dwight Harris
42%
Pizza shop owner who gets crippled by an ex con, friend of Tony's, moves to Miami and Tony visits him in season 6 Beansie
42%
Made guy, inherits a large sum of money from his aunt and begs Tony to let him retire and move to Florida with it, turns out to be an FBI informant, eventually hangs himself Eugene Pontecorvo
42%
Absolute buffoon, last drink is a sugarless mothafucka Matthew Bevilaqua
42%
Twin brother of previous character, killed for talking bad about Tony Philly Parisi
41%
One legged caretaker of Tony's mother, eventually helps take care of Tony's uncle and has an affair with Tony Svetlana Kirilenko
41%
Tony's uncle shoots Tony thinking he was this guy Pussy Malanga
40%
Another absolute buffoon, friends with previous character, known looksmaxer Sean Gismonte
40%
Tony's older sister's son who becomes homeless, never appears in the show Harpo
39%
Becomes a capo of the DiMeo family late in the show, ends up flipping and becoming an FBI informant in the last episode as his kid was pinched for drugs Carlo Gervasi
38%
New York guy who became a victim of the animal Blundetto while in his car with a hooker, proceeded to have his nickname put on his headstone Joey Peeps
37%
A soldier from the New York family who drunkenly makes sexual comments to Tony's daughter, and proceeds to have a serious dental procedure performed on him by Tony Coco Cogliano
36%
Another one of Tony's goomahs, he meets her at the horse stables, she originally is with one of Tony's mob associates, sells artwork, burns herself badly while making Tony some eggs Valentina La Paz
36%
Degenerate gambler in season 2 who gambles away his store and his son's college fund at a high stakes game hosted by Tony, gives his son's car up as payment as well Davey Scatino
35%
One of the twin sons of the animal Blundetto, stole from Tony's son Jason Blundetto
34%
Little guy in New York, long horse face, taken out by Tony's guys from Italy while trying to back out of his driveway Rusty Millio
34%
Seen at a pastry shop while Tony's nephew is waiting a long time to get his order, played by the same actor as the parade float Gino
33%
Wife of one of Tony's neighbors who he tells his therapist he dreamed about having intercourse with, has a season two episode with her name in the title Jeannie Cusamano
33%
Killed at a card game by the dumbass that almost drowned in 3 inches of water and his goons, commonly drops knowledge, "victory has 100 fathers but defeat is an orphan" Sunshine
33%
Corrupt politician, ends up dating one of Tony's former goomahs and Tony gives him the belt for it Assemblyman Zellman
32%
Tony's uncle's cancer doctor who gets offended when his patient seeks a second opinion and stops answering his calls, Tony and his guy from Italy visit him at a golf course to straighten things out, may or may not have had a bee on his hat Doctor John Kennedy
32%
Capo for the DiMeo family from the beginning, gets placed on house arrest in season 1, violates his house arrest and is arrested at the cleaver premiere afterparty Larry Barese
32%
Wife of character above, little cousin of the shah of Iran Marie Spatafore
31%
Daughter of the previous couple Sophia Baccala
31%
Actor that plays himself in one episode when Tony's nephew tries to recruit him to play the boss in his film "Cleaver" Ben Kingsley
30%
Tony's wife's cousin, financial adviser, puts Tony on to a real estate scam Cousin Brian
30%
New York guy who rammed a pool cue up a certain fanooks behind while beating him to death, then went into Satriales and insulted two made guys in Tony's family and was stabbed to death for it Fat Dom Gamiello
29%
Spontaneously marries Tony's drug-addicted cousin in season 6 Kelly Moltisanti
29%
Old woman who is said to keep her money under her mattress, mean to Paulie's Ma in the retirement home, ends up being smothered by a pillow and killed by Paulie Minn Matrone
29%
Mother of Tony's wife Mary DeAngelis
28%
Previous character's brother, put in charge of his brother's crew while he is on house arrest Albert Barese
27%
Daughter of the previous 2 characters who had her wedding in season 6 Allegra Sacrimoni
27%
Tony's son's Hispanic girlfriend he meets at the construction site Blanca Selgado
26%
Writer that Tony's nephew meets in recovery, degenerate douchebag J.T. Dolan
26%
Befriends Tony's nephew's girlfriend in order to pinch her for drugs and turn her into an FBI informant Deborah Ciccerone
25%
Owner of the sanitation company that employs Tony as waste management consultant Dick Barone
24%
The other twin son of the animal Blundetto Justin Blundetto
24%
Landscaper who originally had the territory where the previous character was, gets his territory back through a deal with Paulie, made to do Tony's and a New York guy's lawn for free Sal Vitro
22%
Son of previous character, friend of Tony's daughter Eric Scatino
21%
Paulie's douchebag father Russ the soldier
21%
Tony's son's rich high school girlfriend Devin Pillsbury
18%
Previously character's Ma, but actually turns out to be his aunt Maria Nucci Gaultieri
18%
Nephew of the previous character, landscaper, gets beaten up by Paulie Gary La Manna
17%
Tony's Daughter's anxious alcoholic college roommate who worries about everything and is insufferable, from Oklahoma Caitlin Rucker
16%
Son of the character above who is accidentally shot with a bow and arrow while playing outside with his friend Justin Cifaretto
16%
Ex husband of Tony's therapist, constantly arguing with Tony's therapist Richard LaPenna
16%
Has an ownership stake in the construction business, meets with Tony several times wearing a hat with a wire as he is an FBI informant Jack Massarone
15%
Son of previous character, tries to sell the company after his father passes against Tony's wishes Jason Barone
15%
Son of Tony's therapist and the character above Jason LaPenna
15%
A capo of the New York family who is shot while having a dinner with Tony's consigliere Gerry Torciano
14%
Paulie's real Ma Dotty Gaultieri
13%
Tony's son's school counselor that Carmela has a short relationship with while her and Tony are separated Robert Wegler
11%
Tony's son's older friend who he often goes to clubs in New York with in season 6 Hernan O'Brien
9%
No matching quizzes found
Score Distribution
Percent of People with Each Score
Percentile by Number Answered
Your Score History
You have not taken this quiz